000 00549nam a2200193 i 4500
001 60103
003 ES-MaACL
005 20230906164145.0
007 t|
008 031103s1964 sp ||||1| spa d
245 0 3 _aLa España que no pertenece a la OTAN.
260 _aMadrid :
_bS.I.E.,
_c1964.
300 _a42 p. :
_bil. ;
_c21 cm.
490 1 _aDocumentos políticos ;
_v6
830 0 _aDocumentos políticos ;
_v6
_9181246
852 _aES-MaACL
_j2042-F-20
_bR.54707
852 _aES-MaACL
_j2061-F-10
_bR.64485
999 _c60103
_d60103